Multiple model testing for non-tested heteroskedastic censored regression models (Registro nro. 26427)
[ vista simple ]
| 000 -LEADER | |
|---|---|
| fixed length control field | 00400 a2200121 4500 |
| 001 - CONTROL NUMBER | |
| control field | ART_12498 |
| 005 - DATE AND TIME OF LATEST TRANSACTION | |
| control field | 20260410161907.0 |
| 008 - FIXED-LENGTH DATA ELEMENTS--GENERAL INFORMATION | |
| fixed length control field | 260409a |
| 100 1# - MAIN ENTRY--PERSONAL NAME | |
| Personal name | Maddala, G.S. |
| 245 10 - TITLE STATEMENT | |
| Title | Multiple model testing for non-tested heteroskedastic censored regression models |
| 700 1# - ADDED ENTRY--PERSONAL NAME | |
| Personal name | Smith, Marlene A. |
| 773 0# - HOST ITEM ENTRY | |
| Title | Journal of econometrics |
| Related parts | - Vol. 21, Nº 1 (ene. 1983) |
| Record control number | REV11720 |
No hay ítems disponibles.